Collins Spanish-English, English-Spanish dictionary = Collins diccionario español-inglés, inglés-español. / (Record no. 305975)
[ view plain ]
| 000 -LEADER | |
|---|---|
| fixed length control field | 00731nam a2200229Ia 4500 |
| 008 - FIXED-LENGTH DATA ELEMENTS--GENERAL INFORMATION | |
| fixed length control field | 170203s9999 xx 000 0 und d |
| 020 ## - INTERNATIONAL STANDARD BOOK NUMBER | |
| International Standard Book Number | 0 060733802 |
| 050 ## - LIBRARY OF CONGRESS CALL NUMBER | |
| Classification number | 413 |
| 050 ## - LIBRARY OF CONGRESS CALL NUMBER | |
| Item number | Sp735 2004 |
| 245 ## - TITLE STATEMENT | |
| Title | Collins Spanish-English, English-Spanish dictionary = Collins diccionario español-inglés, inglés-español. / |
| 250 ## - EDITION STATEMENT | |
| Edition statement | 5th edition. |
| 260 ## - PUBLICATION, DISTRIBUTION, ETC. (IMPRINT) | |
| Place of publication, distribution, etc | Glasgow ; New York : |
| 260 ## - PUBLICATION, DISTRIBUTION, ETC. (IMPRINT) | |
| Name of publisher, distributor, etc | HarperResource. |
| 260 ## - PUBLICATION, DISTRIBUTION, ETC. (IMPRINT) | |
| Date of publication, distribution, etc | 2004 |
| 300 ## - PHYSICAL DESCRIPTION | |
| Extent | xvii, 1289 pages ; |
| 300 ## - PHYSICAL DESCRIPTION | |
| Dimensions | 24 cm. |
| 650 ## - SUBJECT ADDED ENTRY--TOPICAL TERM | |
| Topical term or geographic name as entry element | English language-- |
| 650 ## - SUBJECT ADDED ENTRY--TOPICAL TERM | |
| Topical term or geographic name as entry element | Spanish language-- |
| 650 ## - SUBJECT ADDED ENTRY--TOPICAL TERM | |
| General subdivision | Dictionaries--English. |
| 650 ## - SUBJECT ADDED ENTRY--TOPICAL TERM | |
| General subdivision | Dictionaries--Spanish. |
| 700 ## - ADDED ENTRY--PERSONAL NAME | |
| Personal name | Collins diccionario español-inglés, inglés-español, Parallel Title. |
| Withdrawn status | Lost status | Damaged status | Home library | Current library | Shelving location | Date acquired | Total Checkouts | Full call number | Barcode | Date last seen | Price effective from | Koha item type |
|---|---|---|---|---|---|---|---|---|---|---|---|---|
| Stonyhurst Southville International School (Batangas) | Stonyhurst Southville International School (Batangas) | 02/03/2017 | Ref. 413 .Sp735 2004 | US- 2465 | 02/03/2017 | 02/03/2017 | Books |